| 000 | 00924cam a2200301 i 4500 | ||
|---|---|---|---|
| 999 |
_c130160 _d130160 |
||
| 001 | 4198762 | ||
| 003 | ARRUPE | ||
| 005 | 20200122091428.0 | ||
| 008 | 800502s1979 enkaf b 001 0 eng | ||
| 010 | _a 80470663 | ||
| 015 | _aGB*** | ||
| 020 |
_a0297776312 : _c£7.50 |
||
| 040 |
_aDLC _cDLC _dDLC |
||
| 043 | _ae-uk--- | ||
| 050 | 0 | 0 |
_aDA111 _b.T8 |
| 082 | 0 | 0 | _a941.08/092/2 |
| 100 |
_aTurner, Ernest Sockville _948983 |
||
| 245 | 1 | 4 |
_aThe Court of St. James : _cErnest Sockville Turner |
| 260 |
_aLondon : _bMichael Joseph, _c1959. |
||
| 300 |
_a382p. ; _c22 cm. |
||
| 500 | _aIncludes index. | ||
| 504 | _aBibliography: p. 234-240. | ||
| 651 | 0 |
_aGreat Britain _xCourt and courtiers. _948984 |
|
| 651 | 0 |
_aGreat Britain _xKings and rulers. _9496 |
|
| 651 | 0 |
_aGreat Britain _xPolitics and government _y20th century. _937076 |
|
| 906 |
_a7 _bcbc _corignew _d4 _encip _f19 _gy-gencatlg |
||
| 942 |
_2lcc _cMONOGRAPH |
||